Estadísticas para 15 principales países con muertes de Covid-19 - 5 de junio

Haz click aquí para intentar la prueba.

Estadísticas generales

  • Esta prueba ha sido intentada 4 veces
  • La puntuación promedio es 15 de 20

Estadísticas de respuestas

país% Correcto
Alemania
100%
España
100%
Estados Unidos
100%
Francia
100%
México
100%
Países Bajos
100%
Bélgica
75%
Brasil
75%
Canadá
75%
Ecuador
75%
India
75%
Italia
75%
Portugal
75%
Reino Unido
75%
Rusia
75%
Irán
50%
Perú
50%
Suecia
50%
Suiza
50%
Irlanda
25%

Distribución de puntuación

Porcentaje por número respondido

Porcentaje de gente con cada puntuación

Historial de tus puntuaciones

No has intentado esta prueba.